000 00933nam a2200277 i 4500
001 C2-0344452
003 PPAK
005 20180728145311.0
008 180103s2017 my a|||| ||||| | may d
020 _a9789673883127
040 _aPPAK
_beng
_cPPAK
_erda
082 0 4 _a297.3822
_223
090 0 0 _a297.3822
_bZUL
_dG
100 0 _aZulkarnain Dollah,
_cUstaz
_d1975-
_eauthor
245 1 0 _aSoal jawab solat musafir :
_bmerungkai 110 persoalan berkaitan solat jamak qasar
264 1 _aKuala Lumpur :
_bTelaga Biru Sdn. Bhd. ,
_c2017
300 _axviii, 132 pages :
_bcolour photographs ;
_c21 cm
336 _2rdacontent
_atext
337 _2rdamedia
_aunmediated
338 _2rdacarrier
_avolume
500 _aContains verses from the Qur'an and quotes from the Hadith
650 1 0 _aIslam - Prayers and devotions. ; Prayer - Islam.
700 _eauthor
700 0 _aNorashimah Tajoruddin,
_eeditor
942 _ddc
_cB
999 _c141106
_d141106